| 000 | 01936nam a22004457a 4500 | ||
|---|---|---|---|
| 999 |
_c1578 _d1578 |
||
| 003 | AR-CdUCM | ||
| 008 | 190227b ||||| |||| 00| 0 spa d | ||
| 020 | _a9789871325580 | ||
| 040 |
_aMUNICIPALIDAD PROVINCIAL DEL CUSCO _cBIBLIOTECA MUNICIPAL DEL CUSCO |
||
| 082 |
_a869.2 / _bE 4 |
||
| 245 |
_aAntología del IV encuentro internacional de escritores-Gualeguaychú-2011 : _b"unidos por la palabra escrita" / _c |
||
| 260 |
_aPárana : _bDel Clé, _c2011. |
||
| 300 |
_a60 páginas ; _c22 cm. |
||
| 650 |
_aLiteratura argentina _984 |
||
| 650 |
_aPoesía _9139 |
||
| 650 |
_aCuentos _9217 |
||
| 700 |
_aAráoz, Cristina _982 |
||
| 700 |
_aArias, Martha _95914 |
||
| 700 |
_aAlazard, Esteban _95915 |
||
| 700 |
_aBruno, Amanda Soledad _95916 |
||
| 700 |
_aCarraza, Darío _95917 |
||
| 700 |
_aCastillo, Héctor Luis _95918 |
||
| 700 |
_aChesini, Dina _95919 |
||
| 700 |
_aChicha del valle _95920 |
||
| 700 |
_aGiustina de Fiorotto, Nidia Della _95921 |
||
| 700 |
_aGaítan, Mirtha _95922 |
||
| 700 |
_aHerrera, Lidia Beatriz _95923 |
||
| 700 |
_aLandó, Jorge F. _95924 |
||
| 700 |
_aLizzi, Susana _95925 |
||
| 700 |
_aMontaño, María Elena _95926 |
||
| 700 |
_aMoré, Lidia Ester _95927 |
||
| 700 |
_aNicolini, Zulma _95928 |
||
| 700 |
_aPanizza, Nelly _95929 |
||
| 700 |
_aPannone, Norberto _95930 |
||
| 700 |
_aPizzio, Miguel Ángel _95931 |
||
| 700 |
_aProno, Marta _95932 |
||
| 700 |
_aTorres Dibecq, Alejandrina _95933 |
||
| 942 |
_2ddc _cLIBROS |
||
| 945 | _azta | ||